[Event "Subotica Autumn op"]
[Site "Subotica"]
[Date "2012.12.21"]
[Round "7"]
[White "Zakic, Slobodan"]
[Black "Bosnjak, Slobodan"]
[Result "1/2-1/2"]
[WhiteElo "1944"]
[BlackElo "1892"]
[PlyCount "36"]
[EventDate "2012.12.14"]
[EventType "swiss"]
[EventRounds "9"]
[EventCountry "SRB"]
[SourceTitle "EXT 2014"]
[Source "ChessBase"]
[SourceDate "2013.11.20"]
[SourceVersion "1"]
[SourceVersionDate "2013.11.20"]
[SourceQuality "1"]

1. e4 e5 2. Nf3 d6 3. g3 g6 4. Bg2 Bg7 5. d3 Bd7 6. Nc3 Nc6 7. b3 a6 8. Bb2 Nf6 9. 0-0 0-0 10. d4 exd4 11. Nxd4 Nxd4 12. Qxd4 Ng4 13. Qd2 Re8 14. Rfe1 Bc6 15. h3 Nf6 16. Re2 Qd7 17. Rae1 Re7 18. a4 Rae8 1/2-1/2

[Event "Subotica Autumn op"]
[Site "Subotica"]
[Date "2012.12.16"]
[Round "3"]
[White "Belic, Uros"]
[Black "Zakic, Slobodan"]
[Result "0-1"]
[WhiteElo "1495"]
[BlackElo "1944"]
[PlyCount "104"]
[EventDate "2012.12.14"]
[EventType "swiss"]
[EventRounds "9"]
[EventCountry "SRB"]
[SourceTitle "EXT 2014"]
[Source "ChessBase"]
[SourceDate "2013.11.20"]
[SourceVersion "1"]
[SourceVersionDate "2013.11.20"]
[SourceQuality "1"]

1. e4 c5 2. d4 cxd4 3. c3 dxc3 4. Nxc3 Nc6 5. Bc4 g6 6. h4 Nf6 7. Be2 d6 8. h5 Qb6 9. Qb3 Qxb3 10. axb3 Nb4 11. Kd1 a6 12. hxg6 fxg6 13. Bc4 b5 14. Bxb5+ Bd7 15. Bxd7+ Kxd7 16. Ke2 Bg7 17. Bd2 Nc6 18. Nf3 Rhb8 19. Ra3 h5 20. Nh2 Nd4+ 21. Kd3 Nxb3 22. Rd1 Nc5+ 23. Kc2 Nfxe4 24. f3 Nxd2 25. Rxd2 Bxc3 26. Rxc3 Na4 27. Rb3 Rxb3 28. Kxb3 Nc5+ 29. Kc2 Rb8 30. Kb1 a5 31. Nf1 Rb3 32. Rc2 a4 33. Nd2 Rd3 34. Kc1 Nb3+ 35. Nxb3 Rxb3 36. Rc3 Rxc3+ 37. bxc3 Kc6 38. Kb2 Kc5 39. Ka3 Kc4 40. Kxa4 Kxc3 41. Kb5 d5 42. Kc5 d4 43. g4 d3 44. gxh5 gxh5 45. Kc6 d2 46. Kd7 d1Q+ 47. Kxe7 Qxf3 48. Kd6 h4 49. Ke5 h3 50. Kd6 h2 51. Ke5 h1Q 52. Ke6 Qd5+ 0-1

[Event "Subotica Autumn op"]
[Site "Subotica"]
[Date "2012.12.15"]
[Round "2"]
[White "Zakic, Slobodan"]
[Black "Vecseri, Julius"]
[Result "0-1"]
[WhiteElo "1944"]
[BlackElo "2039"]
[PlyCount "48"]
[EventDate "2012.12.14"]
[EventType "swiss"]
[EventRounds "9"]
[EventCountry "SRB"]
[SourceTitle "EXT 2014"]
[Source "ChessBase"]
[SourceDate "2013.11.20"]
[SourceVersion "1"]
[SourceVersionDate "2013.11.20"]
[SourceQuality "1"]

1. c4 e6 2. Nc3 d5 3. e3 Nf6 4. a3 a5 5. d4 c5 6. Nf3 Nc6 7. g3 Be7 8. cxd5 Nxd5 9. Nxd5 Qxd5 10. Bg2 cxd4 11. exd4 0-0 12. 0-0 Rd8 13. Be3 Qb5 14. Qc2 Bd7 15. Rfd1 Rac8 16. Bf1 Qd5 17. Qe2 Na7 18. Bg2 Bb5 19. Qd2 Qb3 20. Rac1 Ba4 21. Qxa5 Nc6 22. Qd2 Bf6 23. Rc3 Qxd1+ 24. Qxd1 Bxd1 0-1

[Event "Subotica-ch"]
[Site "Subotica"]
[Date "2009.02.25"]
[Round "5"]
[White "Zakic, Slobodan"]
[Black "Cabarkapa, Novak"]
[Result "0-1"]
[WhiteElo "2009"]
[BlackElo "1991"]
[PlyCount "84"]
[EventDate "2009.02.16"]
[EventType "swiss"]
[EventRounds "9"]
[EventCountry "SRB"]
[SourceTitle "EXT 2019"]
[Source "ChessBase"]
[SourceDate "2018.10.10"]
[SourceVersion "1"]
[SourceVersionDate "2018.10.10"]
[SourceQuality "1"]

1. c4 g6 2. Nc3 Bg7 3. d4 Nf6 4. e3 0-0 5. Nf3 c5 6. Be2 cxd4 7. exd4 d5 8. c5 Nc6 9. a3 Ne4 10. 0-0 Nxc3 11. bxc3 Bf5 12. Qb3 Qd7 13. Re1 e5 14. Bb5 e4 15. Nd2 a6 16. Ba4 Rad8 17. Nf1 Qc8 18. Bf4 Rfe8 19. Ne3 Be6 20. Qb6 Rd7 21. Rab1 Bf6 22. Bxc6 bxc6 23. Qa5 Rb7 24. Qa4 Rb5 25. Rb4 h5 26. h3 Kg7 27. Reb1 g5 28. Bh2 g4 29. Qd1 gxh3 30. a4 Rxb4 31. Rxb4 Qd7 32. Qb1 Bg4 33. Rb7 Qe6 34. Ra7 Bg5 35. Qe1 Qg6 36. Rxa6 Bf3 37. g3 Bxe3 38. Qxe3 h4 39. Qf4 e3 40. Rb6 exf2+ 41. Kxf2 Qc2+ 42. Kxf3 Qe2# 0-1

[Event "Subotica-ch op "]
[Site "Subotica"]
[Date "2007.02.23"]
[Round "3"]
[White "Grkovic, Konstantin"]
[Black "Zakic, Slobodan"]
[Result "1/2-1/2"]
[WhiteElo "1847"]
[BlackElo "2073"]
[PlyCount "58"]
[EventDate "2007.02.19"]
[EventType "swiss"]
[EventRounds "9"]
[EventCountry "YUG"]
[SourceTitle "EXT 2008"]
[Source "ChessBase"]
[SourceDate "2007.11.25"]
[SourceVersion "1"]
[SourceVersionDate "2007.11.25"]
[SourceQuality "1"]

1. e4 e5 2. Nf3 Nc6 3. Bb5 Bc5 4. c3 Nge7 5. d3 a6 6. Ba4 0-0 7. 0-0 d6 8. h3 h6 9. Be3 Bxe3 10. fxe3 f5 11. exf5 Rxf5 12. Bb3+ Kh8 13. Nbd2 Na5 14. Bc2 Rf6 15. Qe2 Be6 16. d4 exd4 17. exd4 Qd7 18. Rae1 Nf5 19. Qd3 Bg8 20. Kh2 Raf8 21. b4 Nc6 22. a3 b5 23. a4 Na7 24. axb5 Qxb5 25. Ra1 Qxd3 26. Bxd3 a5 27. Rxa5 Nc6 28. Ra6 Nb8 29. Ra7 Ne3 1/2-1/2

[Event "Subotica-ch op "]
[Site "Subotica"]
[Date "2007.02.21"]
[Round "2"]
[White "Zakic, Slobodan"]
[Black "Szemesi, Ferenc"]
[Result "0-1"]
[WhiteElo "2073"]
[BlackElo "1850"]
[PlyCount "78"]
[EventDate "2007.02.19"]
[EventType "swiss"]
[EventRounds "9"]
[EventCountry "YUG"]
[SourceTitle "EXT 2008"]
[Source "ChessBase"]
[SourceDate "2007.11.25"]
[SourceVersion "1"]
[SourceVersionDate "2007.11.25"]
[SourceQuality "1"]

1. e4 c5 2. Nf3 Nc6 3. Nc3 d6 4. d4 cxd4 5. Nxd4 g6 6. Bc4 Bg7 7. Be3 Nf6 8. 0-0 0-0 9. h3 a6 10. Qd2 Qc7 11. a3 Ne5 12. Bb3 Nc4 13. Qc1 b5 14. Bxc4 Qxc4 15. Qd2 Bb7 16. f3 Rac8 17. Rad1 e6 18. Nb3 d5 19. Na5 Qc7 20. Nxb7 Qxb7 21. e5 Nd7 22. f4 Qc6 23. Rf2 Nb6 24. Bd4 Rfd8 25. b3 Bf8 26. Qe3 Bc5 27. Bxc5 Qxc5 28. Qxc5 Rxc5 29. Ne4 Rc6 30. Nf6+ Kg7 31. Rd3 Nd7 32. Nxd7 Rxd7 33. Kf1 Rdc7 34. Rdd2 Rc3 35. Ke1 f6 36. Kd1 h5 37. Kc1 Rxb3 38. g4 Rxh3 39. gxh5 Rxh5 0-1